|
|
|
|
| LEADER |
00607nam a22001811a 4500 |
| 020 |
|
|
|a 9788183290593
|c 0.00
|
| 040 |
|
|
|a SSUS - Library - Kalady
|
| 082 |
|
|
|a 910.133
|b BAH/E
|
| 100 |
|
|
|a Bahura Ekka
|
| 245 |
|
|
|a Economic geography
|h [Text]
|
| 260 |
|
|
|b Sree Publishers and distributers
|c 2005
|
| 300 |
|
|
|a 258p.
|
| 600 |
|
|
|a Economic Geography
|
| 600 |
|
|
|a Geography
|
| 852 |
|
|
|h 910.133
|i BAH/E
|p 072677
|9 1000.00
|t 0
|
| 942 |
|
|
|c BK
|
| 999 |
|
|
|c 11776
|d 11776
|
| 952 |
|
|
|0 0
|1 0
|4 0
|6 910_133000000000000_BAH_E
|7 0
|9 17090
|a SSUS
|b SSUS
|d 2015-01-08
|g 1000.00
|l 3
|o 910.133 BAH/E
|p 072677
|r 2019-03-12
|s 2019-03-08
|v 0.00
|w 2015-01-08
|y BK
|